LEADER 01689nam a2200397 u 4500 001 000000060490 003 CaOOAMICUS 005 20150622110509.0 008 010724s1980 gw u000 u ger u 020 $a3451020874 035 $a10898385 040 $aPUL(R)$bita 100 1 $aFeneberg, Rupert.$0(OLS)http://pul/name/31159 245 14$aDas Leben Jesu im Evangelium /$cRupert Feneberg, Wolfgang Feneberg ; mit einem Geleitwort von Karl Rahner. 260 $aFreiburg :$bHerder,$c1980. 300 $a295 p.$c23 cm 490 1 $aQuaestiones disputatae ;$v88 504 $aBibliografia in nota. 600 04$aIesus Christus.$0(OLS)http://pul/subject/207 700 1 $aFeneberg, Rupert.$0(OLS)http://pul/name/31159 700 1 $aRahner, Karl,$cS.I.,$d1904-1984.$0(OLS)http://pul/name/3587 700 1 $aFeneberg, Wolfgang.$0(OLS)http://pul/name/41367 830 0$aQuaestiones disputatae (Herder) ;$v88.$0(OLS)http://pul/title/18243 850 $aPUL 852 $aPUL$W1$xSL Religione 2$y84$mTheol A6 88$j78873$nBK-PRI$b $qStampati altre collocazioni$B78873$CPULBib$Z2$F78873 $H $81 852 $aPUL$W1$xDP1 Fondo S. Lanza$y121$m3 C 94.88$j166290$qFondi$B166873$CPULBib$Z2$F166873 $HLAN1494 $82 941 1 $a10 941 1 $a1 960 $aCristologia$9207 960 $aCristologia$9207 960 $aGesł Cristo$9207 961 $aINV: 48254 961 $aNota ms. di possesso: Sergio Lanza 996 $6020$a3451020874$9(OLS)http://pul/number/77981 996 $6245$aDas Leben Jesu im Evangelium$9(OLS)http://pul/title/80852 996 $6260$aFreiburg :$bHerder$9(OLS)http://pul/publisher/48354 LEADER 01254nam a2200289 a 4500 001 000000170771 003 CaOOAMICUS 005 20181128103541.0 008 181128s1961 xxu 000 u eng r 032 $aLibriCat 040 $aPul$bita 082 00$a501 100 1 $aMelsen, Andreas Gerardus Maria van.$0(OLS)http://pul/name/59190 245 10$aScience and technology /$cby Andrew G. van Melsen . 260 $aPittsburgh :$bDuquesne University Press ;$aLouvain :$bNauwelaerts,$c©1961. 300 $aIX, 373 p. ; $c26 cm. 490 1 $aDuquesne Studies. Philosophical series ;$v13 650 4$aTecnologia$xStudi.$0(OLS)http://pul/subject/1954 830 0$aDuquesne studies.$pPhilosophical series ;$v13.$0(OLS)http://pul/title/88033 850 $aPUL 852 $aPUL$W1$xDP2 Cons. Gen., Altre Classi 3$y97$m501 MELAN 1$j193905$qDDC 21$B199273$CPULBib$Z2$F199273 $H131764 $81 941 1 $a9 996 $6082$a501$9(OLS)http://pul/classification/520 996 $6245$aScience and technology$9(OLS)http://pul/title/211598 996 $6260$aPittsburgh :$bDuquesne University Press$9(OLS)http://pul/publisher/69901 996 $6260$aLouvain :$bNauwelaerts$9(OLS)http://pul/publisher/48172